Современные методы анализа риска аварий и пожаров на опасных химических объектах; Неразрушающий контроль; Т. 3

מידע ביבליוגרפי
Parent link:Неразрушающий контроль: сборник трудов VI Всероссийской научно-практической конференции "Неразрушающий контроль: электронное приборостроение, технологии, безопасность", Томск, 23-27 мая 2016 г./ Национальный исследовательский Томский политехнический университет (ТПУ).— , 2016
Т. 3.— [С. 297-300]
מחבר ראשי: Сайков А. А.
מחבר תאגידי: Национальный исследовательский Томский политехнический университет (ТПУ) Институт неразрушающего контроля (ИНК) Кафедра экологии и безопасности жизнедеятельности (ЭБЖ)
מחברים אחרים: Сечин А. И. Александр Иванович (научный руководитель)
סיכום:Заглавие с экрана
שפה:רוסית
יצא לאור:
סדרה:Экология и техносферная безопасность
נושאים:
גישה מקוונת:http://earchive.tpu.ru/handle/11683/32824
פורמט: אלקטרוני Book Chapter
KOHA link:https://koha.lib.tpu.ru/cgi-bin/koha/opac-detail.pl?biblionumber=620745

MARC

LEADER 00000naa2a2200000 4500
001 620745
005 20231101133127.0
035 |a (RuTPU)RU\TPU\conf\19267 
035 |a RU\TPU\conf\19259 
090 |a 620745 
100 |a 20161014d2016 k y0rusy50 ca 
101 0 |a rus 
102 |a RU 
105 |a y z 100zy 
135 |a drgn ---uucaa 
181 0 |a i  
182 0 |a b 
200 1 |a Современные методы анализа риска аварий и пожаров на опасных химических объектах  |f А. А. Сайков  |g науч. рук. А. И. Сечин 
203 |a Текст  |c электронный 
225 1 |a Экология и техносферная безопасность 
230 |a 1 компьютерный файл (pdf; 598 Kb) 
300 |a Заглавие с экрана 
320 |a [Библиогр.: с. 300 (3 назв.)] 
461 1 |0 (RuTPU)RU\TPU\conf\19000  |t Неразрушающий контроль  |o сборник трудов VI Всероссийской научно-практической конференции "Неразрушающий контроль: электронное приборостроение, технологии, безопасность", Томск, 23-27 мая 2016 г.  |o в 3 т.  |f Национальный исследовательский Томский политехнический университет (ТПУ)  |d 2016 
463 1 |0 (RuTPU)RU\TPU\conf\19003  |t Т. 3  |v [С. 297-300] 
610 1 |a труды учёных ТПУ 
610 1 |a электронный ресурс 
610 1 |a современные методы 
610 1 |a риски 
610 1 |a аварии 
610 1 |a пожары 
610 1 |a опасные объекты 
610 1 |a химические объекты 
610 1 |a газозаправочные станции 
610 1 |a углеводородные газы 
700 1 |a Сайков  |b А. А. 
702 1 |a Сечин  |b А. И.  |c специалист в области экологии и безопасности жизнедеятельности  |c профессор Томского политехнического университета, доктор технических наук  |f 1950-  |g Александр Иванович  |2 stltpush  |4 727 
712 0 2 |a Национальный исследовательский Томский политехнический университет (ТПУ)  |b Институт неразрушающего контроля (ИНК)  |b Кафедра экологии и безопасности жизнедеятельности (ЭБЖ)  |h 4850  |2 stltpush  |3 (RuTPU)RU\TPU\col\18720 
801 2 |a RU  |b 63413507  |c 20161021  |g RCR 
856 4 |u http://earchive.tpu.ru/handle/11683/32824 
942 |c BK